Blake's Design of Mechanical Joints (Record no. 591252)

000 -LEADER
fixed length control field 00451nam a22001577a 4500
020 ## - INTERNATIONAL STANDARD BOOK NUMBER
International Standard Book Number 9781498766296
040 ## - CATALOGING SOURCE
Transcribing agency NUST
082 ## - DEWEY DECIMAL CLASSIFICATION NUMBER
Classification number 621.82 JOS
100 ## - MAIN ENTRY--PERSONAL NAME
Personal name Josephs, Harold
9 (RLIN) 98299
110 ## - MAIN ENTRY--CORPORATE NAME
Corporate name or jurisdiction name as entry element Huston, Ronald L Blake, Alexander
9 (RLIN) 98300
245 ## - TITLE STATEMENT
Title Blake's Design of Mechanical Joints
250 ## - EDITION STATEMENT
Edition statement 2ND ED.
260 ## - PUBLICATION, DISTRIBUTION, ETC.
Place of publication, distribution, etc. Boca Raton:
Name of publisher, distributor, etc. CRC Press,
Date of publication, distribution, etc. 2019.
650 ## - SUBJECT ADDED ENTRY--TOPICAL TERM
Topical term or geographic name entry element Blake's Design of Mechanical Joints.NUSTTB2022
9 (RLIN) 102825
942 ## - ADDED ENTRY ELEMENTS (KOHA)
Source of classification or shelving scheme
Koha item type Book
Holdings
Withdrawn status Lost status Source of classification or shelving scheme Damaged status Not for loan Permanent Location Current Location Shelving location Date acquired Total Checkouts Full call number Barcode Date last seen Price effective from Koha item type
          College of Electrical & Mechanical Engineering (CEME) College of Electrical & Mechanical Engineering (CEME) General Stacks 08/22/2022   621.82 JOS CEME-50833 08/22/2022 08/22/2022 Book
          College of Electrical & Mechanical Engineering (CEME) College of Electrical & Mechanical Engineering (CEME) General Stacks 11/17/2022   280 SCB CEME-50833-A 11/17/2022 11/17/2022 Book
© 2023 Central Library, National University of Sciences and Technology. All Rights Reserved.